|
|
|
|
| LEADER |
00000nam0a2200000 4500 |
| 001 |
139992 |
| 005 |
20231031141928.0 |
| 010 |
|
|
|a 5776002605
|
| 020 |
|
|
|a RU
|b 90-24069
|
| 035 |
|
|
|a (RuTPU)RU\TPU\book\151662
|
| 090 |
|
|
|a 139992
|
| 100 |
|
|
|a 20080618d1990 m y0rusy5003 ca
|
| 101 |
0 |
|
|a rus
|
| 102 |
|
|
|a UA
|
| 105 |
|
|
|a a z 000ay
|
| 200 |
1 |
|
|a Афганское эхо
|e Очерки о воинах-интернационалистах
|f В. П. Кирьязов
|
| 210 |
|
|
|a Одесса
|c Маяк
|d 1990
|
| 215 |
|
|
|a 185,[4] с.
|d 17 см
|c ил.
|
| 610 |
1 |
|
|a Воины-интернационалисты
|
| 610 |
1 |
|
|a Афганистан
|
| 610 |
1 |
|
|a советская литература
|
| 610 |
1 |
|
|a публицистика
|
| 610 |
1 |
|
|a очерки
|
| 675 |
|
|
|a Р2
|z rus
|
| 700 |
|
1 |
|a Кирьязов
|b В. П.
|g Валентин Петрович
|4 070
|
| 801 |
|
0 |
|a RU
|b RuMRKP
|c 19950417
|g psbo
|
| 801 |
|
1 |
|a RU
|b 63413507
|c 20080618
|g PSBO
|
| 801 |
|
2 |
|a RU
|b 63413507
|c 20080618
|g PSBO
|
| 942 |
|
|
|c BK
|